| 000 | 01002nam a22002057a 4500 | ||
|---|---|---|---|
| 999 |
_c11927 _d11927 |
||
| 003 | AR-CdUCM | ||
| 008 | 190405b ||||| |||| 00| 0 spa d | ||
| 040 |
_aMUNICIPALIDAD PROVINCIAL DEL CUSCO _cBIBLIOTECA MUNICIPAL DEL CUSCO |
||
| 082 |
_23ed. _a341 / _bA31 / 1873 |
||
| 100 |
_aAhrens, E. _929400 |
||
| 245 |
_aCurso de derecho natural o de filosofía del derecho : _bcompletado en las principales materias, con ojeadas históricas y políticas / |
||
| 260 |
_aMadrid : _bCarlos Bailly - Bailliere, _c1873. |
||
| 300 |
_a682 páginas ; _c22 cm. |
||
| 505 | _aContenido: De la filosofía del derecho -- Bases filosóficas y explanación del principio del derecho -- Exposición detallada del derecho de los diversos ordenes de bienes y del derecho de las esferas principales de la personalidad en que se realiza ... | ||
| 650 |
_aDerecho natural _91768 |
||
| 650 |
_aFilosofía _9395 |
||
| 700 |
_aRodriguez Hortelano, Pedro (traducción) _929401 |
||
| 942 |
_2ddc _cLIBROS |
||
| 945 |
_aacv _d05/04/2019 |
||